=LDR 00000nam 2200000 4500 =001 INLIS000000000002408 =005 20130612090739 =008 ***********************************Ind** =035 ##$$0010-061300000002408 =041 ##$$a Ind =082 ##$$a 892.7 =090 ##$$a 892.7, Gib d =100 ##$$a Gibran, Kahlill =245 ##$$a Drama manusia, Kahlill Gibran =260 ##$$a 1999 $b Yogyakarta =300 ##$$a vii, 176hlm, 21 cm =650 ##$$a Kesusastraan Arab =850 ##$$a NBPNMAT